|
|
|
|
| LEADER |
01121nam a2200301 a 4500 |
| 001 |
150616 |
| 003 |
BD-DhAAL |
| 005 |
20150616095158.0 |
| 008 |
150616s2000 np b 000 0 eng |
| 010 |
|
|
|a 00370488
|
| 020 |
|
|
|z 9993331006
|
| 040 |
|
|
|a DLC
|b eng
|c DLC
|d DLC
|d ANL
|
| 050 |
0 |
0 |
|a HC430.6+
|
| 050 |
0 |
0 |
|a HC430.6
|b .D485 2000
|
| 082 |
0 |
4 |
|a 068.54
|2 21
|
| 245 |
0 |
0 |
|a Development NGOs facing the 21st century :
|b perspectives from South Asia /
|c edited by Juha Vartola ... [et al.].
|
| 260 |
|
|
|a Kathmandu :
|b Institute for Human Development,
|c 2000.
|
| 300 |
|
|
|a xix, 234 p. ;
|c 25 cm.
|
| 504 |
|
|
|a Includes bibliographical references.
|
| 520 |
|
|
|a Contributed articles.
|
| 541 |
|
|
|e 3751
|
| 650 |
|
0 |
|a Non-governmental organizations
|z South Asia.
|9 12145
|
| 651 |
|
0 |
|a South Asia
|x Economic policy.
|9 10835
|
| 700 |
1 |
|
|a Vartola, Juha.
|9 12146
|
| 710 |
2 |
|
|a Institute for Human Development (Kathmandu, Nepal)
|9 12147
|
| 942 |
|
|
|2 ddc
|c BK
|
| 999 |
|
|
|c 34745
|d 34745
|
| 952 |
|
|
|0 0
|1 0
|2 ddc
|4 0
|6 068_540000000000000_DEV
|7 0
|9 54350
|a SCL
|b SCL
|c GEN
|d 2015-06-16
|l 1
|o 068.54 DEV
|p 3020003751
|r 2019-08-27
|s 2019-08-26
|t 1
|w 2015-06-16
|y BK
|